LEADER 01231nam a2200229 i 4500 001 000000193976 003 CaOOAMICUS 005 20101102000000.0 008 101102s1941 it u000 u ita u 013 $a172621 040 $aSeMil$bita 100 1 $aRutishauser, M. Clarissa.$0(OLS)http://semarc/name/70525 245 10$aMadre M. Teresa Scherer :$bconfondatrice e Prima Superiora Generale delle Suore di Carità della S. Croce d'Ingenbohl /$cSr. M. Clarissa Rutishauser ; prefazione di Sua Emin. Rev.ma il Sig. Card. Francesco Marchetti-Selvaggiani Vicario Generale di Sua Santità, Protettore dell'Istituto. 260 $aRoma :$b[s.n.],$c1941. 300 $a362 p., [20] p. di tav. ;$c23 cm. 500 $aContiene : Bibliografia. 650 4$aScherer, Maria Teresa.$0(OLS)http://semarc/subject/9762 700 1 $aMarchetti-Selvaggiani, Francesco.$0(OLS)http://semarc/name/70526 850 $aSeMil 852 $aSeMil$W1$xVenegono$y1$m3J III 121$j144550$B144550$CSeMilBibl$Z2$F155841 $81 996 $6245$aMadre M. Teresa Scherer :$bconfondatrice e Prima Superiora Generale delle Suore di Carità della S. Croce d'Ingenbohl$9(OLS)http://semarc/title/279634 996 $6260$aRoma :$b[s.n.]$9(OLS)http://semarc/publisher/29738 LEADER 01160nam a2200265 i 4500 001 000000116939 003 CaOOAMICUS 005 20030704000000.0 008 030704s1988 it u000 u ita u 013 $a89628 040 $aSeMil$bita 100 1 $aKolvenbach, Petrus Jacobus Johannes Maternus .$0(OLS)http://semarc/name/90564 245 10$aIn cammino verso la Pasqua :$besercizi spirituali /$cPeter-Hans Kolvenbach. 260 $aRoma :$bCiviltà Cattolica,$ccopyr. 1988. 300 $a238 p. ;$c21 cm. 500 $aContiene : Appendice. - Fondo Card. C.M. Martini. 650 4$aEsercizi spirituali.$0(OLS)http://semarc/subject/175 650 4$aQuaresima - Meditazioni.$0(OLS)http://semarc/subject/2055 650 4$aVita cristiana - Meditazioni.$0(OLS)http://semarc/subject/1353 850 $aSeMil 852 $aSeMil$W1$xVenegono$y1$m3F VI 71$j72339$B72339$CSeMilBibl$Z2$F83975 $81 941 1 $a4 961 $aOmaggio: Martini Card. Carlo Maria 996 $6245$aIn cammino verso la Pasqua :$besercizi spirituali$9(OLS)http://semarc/title/171551 996 $6260$aRoma :$bCiviltà Cattolica$9(OLS)http://semarc/publisher/31487